00350nam a2200157Ia 4500001000500000005001700005008004100022041000800063082001600071100003400087245001800121260000900139300002800148650000800176654000800184338320260306145639.0260306t1996||||xx |||||||||||||| ||spa|| aESP a270.92bV28 aVan der Elst, Joel (dir)eAUT 0aJuan Pablo II c1996 a127 páginas :c27 cm. aGEN aCHU